| Tag |
First Indicator |
Second Indicator |
Subfields |
| LEADER |
00000cam a2200000Mi 4500 |
| 001 |
in00005493313 |
| 006 |
m o d |
| 007 |
cr ||||||||||| |
| 008 |
210406s2016 enka fob 000 0 eng d |
| 005 |
20240923170208.6 |
| 035 |
|
|
|a (OCoLC)on1249440756
|
| 040 |
|
|
|a SGPBL
|b eng
|e rda
|e pn
|c SGPBL
|d OCLCO
|d OCLCF
|d OCLCO
|
| 020 |
|
|
|a 9781529777154
|
| 020 |
|
|
|a 1529777151
|
| 035 |
|
|
|a (OCoLC)1249440756
|
| 050 |
|
4 |
|a QA76.9.I52
|b K57 2016
|
| 082 |
0 |
4 |
|a 001.4226
|
| 049 |
|
|
|a TXAM
|
| 100 |
1 |
|
|a Kirk, Andy,
|e author.
|
| 245 |
1 |
0 |
|a Stream graph /
|c Andy Kirk.
|
| 264 |
|
1 |
|a London :
|b SAGE Publications, Ltd.,
|c 2016.
|
| 300 |
|
|
|a 1 online resource :
|b illustrations
|
| 336 |
|
|
|a text
|b txt
|2 rdacontent
|
| 337 |
|
|
|a computer
|b c
|2 rdamedia
|
| 338 |
|
|
|a online resource
|b cr
|2 rdacarrier
|
| 588 |
|
|
|a Description based on XML content.
|
| 504 |
|
|
|a Includes bibliographical references.
|
| 650 |
|
0 |
|a Information visualization.
|
| 650 |
|
0 |
|a Charts, diagrams, etc.
|
| 650 |
|
6 |
|a Visualisation de l'information.
|
| 650 |
|
6 |
|a Tableaux, graphiques, etc.
|
| 650 |
|
7 |
|a diagrams.
|2 aat
|
| 650 |
|
7 |
|a Charts, diagrams, etc.
|2 fast
|0 (OCoLC)fst00852545
|
| 650 |
|
7 |
|a Information visualization.
|2 fast
|0 (OCoLC)fst00973185
|
| 856 |
4 |
0 |
|u http://proxy.library.tamu.edu/login?url=https://methods.sagepub.com/chart/stream-graph
|z Connect to the full text of this electronic book
|t 0
|
| 955 |
|
|
|a SAGE eBooks
|
| 955 |
|
|
|a SAGE Research Methods Data Visualization
|
| 994 |
|
|
|a 92
|b TXA
|
| 999 |
f |
f |
|s b14e26be-a1f0-4b1e-8bfe-e745d1f1fcce
|i 4cfa5431-0e9b-4937-a52f-e0bd24683e74
|t 0
|
| 952 |
f |
f |
|a Texas A&M University
|b College Station
|c Electronic Resources
|d Available Online
|t 0
|e QA76.9.I52 K57 2016
|h Library of Congress classification
|
| 998 |
f |
f |
|a QA76.9.I52 K57 2016
|t 0
|l Available Online
|